The best way to live and die (Record no. 29514)
[ view plain ]
| 000 -LEADER | |
|---|---|
| fixed length control field | 00369nam a2200157Ia 4500 |
| 001 - CONTROL NUMBER | |
| control field | 29442 |
| 008 - FIXED-LENGTH DATA ELEMENTS--GENERAL INFORMATION | |
| fixed length control field | 140415s9999 xx 000 0 und d |
| 040 ## - CATALOGING SOURCE | |
| Transcribing agency | PK-LaUMT |
| 082 ## - DEWEY DECIMAL CLASSIFICATION NUMBER | |
| Classification number | 216.2 |
| Item number | FLO-B |
| 100 ## - MAIN ENTRY--PERSONAL NAME | |
| Personal name | Donald Flood |
| 245 #4 - TITLE STATEMENT | |
| Title | The best way to live and die |
| 260 ## - PUBLICATION, DISTRIBUTION, ETC. (IMPRINT) | |
| Name of publisher, distributor, etc | World Assembly of Muslim Youth, |
| Date of publication, distribution, etc | 1999 |
| 300 ## - PHYSICAL DESCRIPTION | |
| Extent | 38 p. |
| 546 ## - LANGUAGE NOTE | |
| Language note | EN |
| 942 ## - ADDED ENTRY ELEMENTS (KOHA) | |
| Koha item type | Books |
| Withdrawn status | Lost status | Damaged status | Not for loan | Home library | Current library | Date acquired | Total Checkouts | Full call number | Barcode | Date last seen | Price effective from | Koha item type |
|---|---|---|---|---|---|---|---|---|---|---|---|---|
| UMT Main Campus | UMT Main Campus | 2014-04-15 | 216.2 FLO-B | 36324 | 2014-04-25 | 2014-04-25 | Books |
